Admission Control - a moderné komunikačné siete

Salvato in:
Dettagli Bibliografici
Autore principale: Cimbák, Róbert (Autore)
Altri autori: Baroňák, Ivan (Relatore della tesi)
Natura: Manoscritto Libro
Lingua:slovacco
Pubblicazione: Bratislava : STU v Bratislave FEI, 2025
Soggetti:
Accesso online:https://opac.crzp.sk/?fn=detailBiblioFormChildS171D74&sid=8D80AD18777FCC7F65B0B64DC29E&seo=CRZP-detail-kniha
Tags: Aggiungi Tag
Nessun Tag, puoi essere il primo ad aggiungerne!!

MARC

LEADER 00000ntm a22000003a 4500
001 stuzp96562
003 SK-STU
005 20260204135322.6
007 ta
008 150427s2015----xo-----f-mn---000-0-slo-d
040 |a STU  |b slo 
041 0 |a slo 
044 |a xo 
100 1 |a Cimbák, Róbert  |u 037000  |4 aut  |U FEI Fakulta elektrotechniky a informatiky  |T FEI Ústav multimediálnych informačných a komunikačných technológií  |X 116826  |U E070  |Y 818  |7 116826 
242 0 1 |a Admission Control - and modern communication networks  |y eng 
245 1 0 |a Admission Control - a moderné komunikačné siete 
260 |a Bratislava :  |b STU v Bratislave FEI,  |c 2025 
300 |a 43 s. 
650 4 |a Metódy riadenia prístupu  |2 slo 
650 4 |a Kvalita služby  |2 slo 
650 4 |a Neurónové siete  |2 slo 
650 4 |a Admission control  |2 eng 
650 4 |a Quality of Service  |2 eng 
650 4 |a Neural networks  |2 eng 
700 1 |a Baroňák, Ivan  |u 037000  |k Z1  |4 ths  |U FEI Fakulta elektrotechniky a informatiky  |T FEI Ústav multimediálnych informačných a komunikačných technológií  |X 1925  |U E070  |Y 818  |7 A000001925 
856 4 |u https://opac.crzp.sk/?fn=detailBiblioFormChildS171D74&sid=8D80AD18777FCC7F65B0B64DC29E&seo=CRZP-detail-kniha